000 00642nam a2200241Ia 4500
003 OSt
005 20220918204145.0
006 a|||||r|||| 00| 0
007 ta
008 220917b |||||||| |||| 00| 0 eng d
024 _a111,253
037 _cTextual
040 _aARTS
_cARTS
_beng
041 _2eng
_aeng
082 _aV51:1:C5, G3
100 _aBonner Robert J
_9110917
245 0 _aAspects of Athenian democracy
260 _c1933
490 _aUniversity of California, Sather classical lectures, 1q932
650 _aHISTORY
942 _hV51:1:C5, G3
_cTEXL
_2CC
999 _c234602
_d234602